Céuta (Record no. 166120)

MARC details
000 -LEADER
campo de control de longitud fija 01016nam a22002415i 4500
001 - NÚMERO DE CONTROL
campo de control 166120
003 - IDENTIFICADOR DE NÚMERO DE CONTROL
campo de control ES-MaACL
005 - FECHA Y HORA DE LA ÚLTIMA TRANSACCIÓN
campo de control 20250807122740.0
008 - DATOS DE LONGITUD FIJA--INFORMACIÓN GENERAL
campo de control de longitud fija 000807s1897 sp ao |||| | spa d
040 ## - FUENTE DE CATALOGACIÓN
Centro catalogador/agencia de origen CCPB | B
Lengua de catalogación spa
Centro/agencia transcriptor CCPB | B
100 1# - ENTRADA PRINCIPAL--NOMBRE DE PERSONA
Nombre de persona Tello Amondareyn, Manuel.
9 (RLIN) 133170
245 10 - MENCIÓN DEL TÍTULO
Título Céuta
Resto del título : llave principal del estrecho : apuntes para un estudio político-militar /
Mención de responsabilidad, etc. Manuel Tello Amondareyn ; dibujos de P. de Rojas... [et al.] ; fotografías de Laurent... [et al.] ; fotograbados de Laporta Hermanos... [et al.].
250 ## - MENCION DE EDICION
Mención de edición 3ª ed.
260 ## - PUBLICACIÓN, DISTRIBUCIÓN, ETC.
Lugar de publicación, distribución, etc. Madrid :
Nombre del editor, distribuidor, etc. [s.n.],
Fecha de publicación, distribución, etc. 1897 (
Fabricante imprenta de Fortanet)
300 ## - DESCRIPCIÓN FÍSICA
Extensión 411 p., [2] h. de lám. pleg. :
Otras características físicas il. ;
Dimensiones 20 cm.
599 ## - NOTA A LAS ILUSTRACIONES
NOTA A LAS ILUSTRACIONES Las h. pleg. con fotografías de Ceuta y sus habitantes.
651 #4 - PUNTO DE ACCESO ADICIONAL DE MATERIA--NOMBRE GEOGRÁFICO
Nombre geográfico Ceuta-
Subdivisión general Descripción.
9 (RLIN) 137091
700 1# - ENTRADA AGREGADA--NOMBRE PERSONAL
Nombre de persona Laurent, J.,
Fechas asociadas al nombre 1816-1886
9 (RLIN) 147296
700 1# - ENTRADA AGREGADA--NOMBRE PERSONAL
Nombre de persona Rojas, P. de.
9 (RLIN) 132009
710 2# - ENTRADA AGREGADA--NOMBRE DE ENTIDAD CORPORATIVA
Nombre de entidad corporativa o nombre de jurisdicción como elemento de entrada Laporta Hermanos (Madrid) .
9 (RLIN) 152866
852 ## - LOCALIZACIÓN
Ubicación ES-MaACL
Número de control de estantería G-1007
Nota libre -- Enc. hol.
Holdings
Estatus retirado Estado de pérdida Estado de daño No para préstamo Colección Biblioteca de origen Biblioteca actual Ubicación en estantería Fecha de adquisición Fuente de adquisición Total de préstamos Signatura topográfica completa Código de barras Visto por última vez Precio de reemplazo Tipo de ítem Koha
        Libros del s. XIX Biblioteca del Ateneo de Madrid Biblioteca del Ateneo de Madrid Depósito 2 17/01/2008     G-1007 1174216 23/02/2023 23/02/2023 Libro impreso antiguo